00293nam a2200121 a 4500008004100000020001500041050002100056100001800077245002700095260003000122300001000152350000900162120416s0000 ||||||||||||||||| || u a0352300523 aPR 6054.E475 Den aDenker, Henry12aA place for the mighty aLondonbW. H. Allenc1974 a399p. a0.00